Statistics for Football in the 1990s

Click here to take the quiz!

General Stats

  • This quiz has been taken 320 times
    (160 since last reset)
  • The average score is 72 of 84

Answer Stats

HintAnswer% Correct
Eredivisie 1989/90Ajax
98%
Champions League 1994/95Ajax
98%
Eredivisie 1995/96Ajax
98%
Eredivisie 1994/95Ajax
98%
Eredivisie 1993/94Ajax
98%
Eredivisie 1997/98Ajax
98%
La Liga 1993/94Barcelona
98%
European Cup 1991/92Barcelona
98%
La Liga 1998/99Barcelona
98%
La Liga 1997/98Barcelona
98%
La Liga 1992/93Barcelona
98%
La Liga 1991/92Barcelona
98%
La Liga 1990/91Barcelona
98%
Bundesliga 1989/90Bayern Munich
98%
Bundesliga 1998/99Bayern Munich
98%
Bundesliga 1996/97Bayern Munich
98%
Bundesliga 1993/94Bayern Munich
98%
Bundesliga 1995/96Borussia Dortmund
98%
Bundesliga 1994/95Borussia Dortmund
98%
Champions League 1996/97Borussia Dortmund
98%
Serie A 1996/97Juventus
98%
Serie A 1994/95Juventus
98%
Serie A 1997/98Juventus
98%
Champions League 1995/96Juventus
98%
Premier League 1998/99Manchester United
98%
Premier League 1996/97Manchester United
98%
Premier League 1995/96Manchester United
98%
Premier League 1993/94Manchester United
98%
Premier League 1992/93Manchester United
98%
Champions League 1998/99Manchester United
98%
Serie A 1991/92Milan
98%
Serie A 1992/93Milan
98%
Serie A 1993/94Milan
98%
Serie A 1995/96Milan
98%
Serie A 1998/99Milan
98%
European Cup 1989/90Milan
98%
Champions League 1993/94Milan
98%
La Liga 1996/97Real Madrid
98%
La Liga 1994/95Real Madrid
98%
La Liga 1989/90Real Madrid
98%
Champions League 1997/98Real Madrid
98%
First Division 1990/91Arsenal
97%
Premier League 1997/98Arsenal
97%
1994 World CupBrazil
96%
1998 World CupFrance
95%
UEFA Euro 1996Germany
95%
Eredivisie 1996/97PSV Eindhoven
95%
Eredivisie 1990/91PSV Eindhoven
95%
Eredivisie 1991/92PSV Eindhoven
95%
French Division 1 1991/92Marseille
94%
Champions League 1992/93Marseille
94%
French Division 1 1989/90Marseille
94%
French Division 1 1990/91Marseille
94%
French Division 1 1993/94Paris Saint-Germain
93%
First Division 1989/90Liverpool
92%
Eredivisie 1992/93Feyenoord
89%
Eredivisie 1998/99Feyenoord
89%
Premier League 1994/95Blackburn Rovers
88%
La Liga 1995/96Atlético Madrid
83%
Serie A 1989/90Napoli
83%
Ballon d'Or 1998Zinedine Zidane
83%
Ballon d'Or 1997Ronaldo
80%
French Division 1 1996/97Monaco
79%
UEFA Euro 1992Denmark
78%
First Division 1991/92Leeds United
78%
1990 World CupWest Germany
73%
French Division 1 1998/99Bordeaux
70%
Bundesliga 1992/93Werder Bremen
70%
French Division 1 1994/95Nantes
68%
Ballon d'Or 1999Rivaldo
67%
Bundesliga 1991/92Stuttgart
61%
Ballon d'Or 1995George Weah
60%
Ballon d'Or 1992Marco van Basten
58%
Ballon d'Or 1994Hristo Stoichkov
50%
Ballon d'Or 1990Lothar Matthäus
48%
European Cup 1990/91Red Star Belgrade
48%
Ballon d'Or 1993Roberto Baggio
48%
Serie A 1990/91Sampdoria
45%
French Division 1 1997/98Lens
42%
Ballon d'Or 1996Matthias Sammer
42%
Ballon d'Or 1991Jean-Pierre Papin
41%
Bundesliga 1990/91Kaiserslautern
39%
Bundesliga 1997/98Kaiserslautern
39%
French Division 1 1995/96Auxerre
34%

Score Distribution

Percentile by Number Answered

Percent of People with Each Score

Your Score History

You have not taken this quiz since the last reset